Online katalóg knižníc regiónu Turca

Čierné mesto / (Record no. 22275)

MARC details
000 -LEADER
fixed length control field 00715nam a22002171 4500
001 - CONTROL NUMBER
control field 22275
003 - CONTROL NUMBER IDENTIFIER
control field CZ PrNK
005 - DATE AND TIME OF LATEST TRANSACTION
control field 20260324162329.0
008 - FIXED-LENGTH DATA ELEMENTS--GENERAL INFORMATION
fixed length control field 020603s1962 xo slo
040 ## - CATALOGING SOURCE
Original cataloging agency ABA001
Language of cataloging cze
Transcribing agency ABA001
Modifying agency ABA001
041 1# - LANGUAGE CODE
Language code of text/sound track or separate title slo
Language code of original hun
100 1# - MAIN ENTRY--PERSONAL NAME
Personal name Mikszáth, Kálmán,
Dates associated with a name 1847-1910
Relationship aut
245 10 - TITLE STATEMENT
Title Čierné mesto /
Statement of responsibility, etc. Kálmán Mikszáth ; Z maď. orig. A fekete város prel. Ján Hrušovský
250 ## - EDITION STATEMENT
Edition statement 1. vyd.
260 ## - PUBLICATION, DISTRIBUTION, ETC.
Place of publication, distribution, etc. Bratislava :
Name of publisher, distributor, etc. Slov. spisovateľ,
Date of publication, distribution, etc. 1962
300 ## - PHYSICAL DESCRIPTION
Extent 411 s. ;
Dimensions
490 1# - SERIES STATEMENT
Series statement Spoločnosť priateľov krásných kníh ;
Volume/sequential designation Zv. 157
830 #0 - SERIES ADDED ENTRY--UNIFORM TITLE
Uniform title Spoločnosť priateľov krásnych kníh (Slovenský spisovateľ)
910 ## - USER-OPTION DATA (OCLC)
User-option data ABA001
942 ## - ADDED ENTRY ELEMENTS (KOHA)
Source of classification or shelving scheme Dewey Decimal Classification
Koha item type Krásna literatúra pre dospelých
Suppress in OPAC No
Holdings
Stav vyradenia Strata Poškodenie Spôsob nadobudnutia Domovská knižnica Aktuálna knižnica Dátum nadobudnutia Total checkouts Čiarový kód exemplára Date last seen Typ exemplára
      Dar Obecná knižnica Horná Štubňa Obecná knižnica Horná Štubňa 24.03.2026   4736201936 24.03.2026 Krásna literatúra pre dospelých
Projekt je podporený Slovenskou asociáciou knižníc
Prevádzkuje Turčianska knižnica Martin 2026